| 000 | 00410nam a2200169Ia 4500 | ||
|---|---|---|---|
| 003 | GCL | ||
| 008 | 140319s9999 xx 000 0 ara d | ||
| 040 |
_aGCL / _cGCL |
||
| 082 | 0 | 4 |
_a217.5 _bا م |
| 100 | 1 | _aامين الخولى | |
| 245 | 1 | 0 |
_aمن هدى القران / _cامين الخولى |
| 300 | _a150 ص | ||
| 490 | _a | ||
| 650 | 0 | 4 | _aالاسلام |
| 650 | 0 | 4 | _aالقران |
| 942 |
_2ddc _cBK |
||
| 999 |
_c38630 _d38630 |
||